| 000 | 02220cam a2200493Mi 4500 | ||
|---|---|---|---|
| 001 | sky311947697 | ||
| 003 | SKY | ||
| 005 | 20260130161817.0 | ||
| 008 | 251217s2025 nyua d 6 000 1 eng d | ||
| 010 | _a2020950228 | ||
| 020 |
_a9798400904646 _q(paperback) |
||
| 040 |
_aCPG _beng _erda _cCPG _dOCLCO _dUUC _dOCLCO _dJQA |
||
| 041 | 1 |
_aeng _hkor |
|
| 092 |
_ayoung adult graphic _bGhugong |
||
| 100 | 0 |
_aChugong _96428185 |
|
| 245 | 1 | 0 |
_aSolo leveling. _bSide stories 1 - Vol 14/ _cChugong |
| 246 | 3 | 0 |
_aSide stories _n1. |
| 250 | _aFirst Ize Press edition. | ||
| 264 | 1 |
_aNew York, NY : _bIze Press, _c2025. |
|
| 300 |
_a298 pages : _bcolor illustrations ; _c21 cm. |
||
| 336 | _atext | ||
| 336 | _astill image | ||
| 337 | _aunmediated | ||
| 338 | _avolume | ||
| 490 |
_aSolo leveling : _vv.14. |
||
| 500 | _a"First published in Korea in 2018 by D&C Media Co., Lft." | ||
| 520 | _aJinwoo Sung, S-class hunter and Shadow Monarch, has saved the world from the destructive otherworldly creatures--but that's a story that no longer exists...right? Thanks to Jinwoo turning back time and securing his victory against the Dragon Monarch, earth is now a normal place without any gates or magic beasts or hunters. Unfortunately, with danger lurking around every corner, Jinwoo will have to do everything in his power to keep it that way.. | ||
| 650 | 0 |
_aHunters _vComic books, strips, etc. _96428186 |
|
| 650 | 0 |
_aDemonology _vComic books, strips, etc. _95709964 |
|
| 650 | 0 |
_aMagic _vComic books, strips, etc. _95676300 |
|
| 650 | 0 |
_aMonsters _vComic books, strips, etc. _95692737 |
|
| 650 | 0 |
_aComic books, strips, etc. _zKorea (South) _96560157 |
|
| 655 | 7 |
_aMonster comics. _2lcgft. _96435094 |
|
| 655 | 7 |
_aParanormal comics. _2lcgft. _95776029 |
|
| 655 | 7 |
_aFantasy comics. _2lcgft. |
|
| 655 | 7 |
_aGraphic novels. _2lcgft. |
|
| 655 | 7 |
_aComics (Graphic works) _2lcgft. _95689343 |
|
| 700 | 0 |
_aCh'ugong, _ecreator. _96477084 |
|
| 700 | 1 |
_aIm, Hye-Young, _etranslator. _96428188 |
|
| 700 | 1 |
_aTorres, J., _d1969- _eauthor. |
|
| 700 | 1 |
_aBlackman, Abigail, _eletterer. |
|
| 710 | 2 |
_aRedice Studio, _econtributor. _96490952 |
|
| 942 |
_2ddc _cBOOK |
||
| 999 |
_c416006 _d416006 |
||